000 00301nam a2200145Ia 4500
100 _aBorland
942 _cBK
654 _aTurbo C++
245 _aTurbo C++ Reference Guide
260 _bBorland International INC
_aUSA
082 _a1.6
_bBor
300 _a617
546 _aENGLISH
999 _c32081
_d32081